000 00359nam a2200157Ia 4500
008 240322s2024 xx 000 0 und d
020 _a9780702084270
041 _aeng
082 _aEFR,EFR
100 _aEFRON N.
245 _aCONTACT LENS PRACTICE/
250 _a4
260 _bELSEVIER CHIRCHILL2024
_c2024
562 _e1
999 _c1151236
_d1151236
650 _aOPTOMETRY